00398cam a22001572 450000100100000000500170001000800410002701000160006804000230008405000120010710000400011924500270015925000120018626000310019830000110022900001402320200929163435.0910618s1950 sp 000 0 spa  altf91069466 aDO-SdBNPcDLCdDLC00a4PS 4161 aStowe, Harriet Beecher,d1811-1896.13aLa cabana del Tio Tom. a[2. ed. aLima, :bUniverso,c1950]. a627 p.